Conveyancing Correspondence Course 2000 / (Record no. 387)

MARC details
000 -LEADER
fixed length control field 00491nam a22001577a 4500
005 - DATE AND TIME OF INPUT
control field 20231107141650.0
008 - DATA ELEMENTS--GENERAL INFORMATION
fixed length control field 231107b |||||||| |||| 00| 0 eng d
041 ## - LANGUAGE CODE
Language code of text English
082 ## - SHELF NUMBER
DDC number 346.43 CON
100 ## - MAIN AUTHOR
Main author's name Gerke, R
Language of a work English
245 ## - TITLE STATEMENT
Title Conveyancing Correspondence Course 2000 /
Statement of responsibility, etc. R Gerke
260 ## - PUBLICATION, DISTRIBUTION, ETC.
Place of publication, distribution, etc. South Africa :
Name of publisher, distributor, etc. Law Society of South Africa,
Date of publication, distribution, etc. 2001
300 ## - PHYSICAL DESCRIPTION
Other physical details xii, 190 pages ;
Dimensions 30 cm.
650 ## - SUBJECT`
Broad subject Legal practice
Own subject terms Law
942 ## - ADDED ENTRY ELEMENTS (KOHA)
Item type Books
942 ## - ADDED ENTRY ELEMENTS (KOHA)
-- ALISON_BN_VRIES
Holdings
Source of classification or shelving scheme Not for loan Collection code Home library Current library Shelving location Date acquired Full call number Barcode Price effective from Koha item type
Dewey Decimal Classification   TEXT BOOKS LAW SOCIETY OF NAMIBIA LIBRARY - WINDHOEK LAW SOCIETY OF NAMIBIA LIBRARY - WINDHOEK Property law 11/07/2023 346.43 CON LSN/2001/37 11/07/2023 Books
Dewey Decimal Classification   TEXT BOOKS LAW SOCIETY OF NAMIBIA LIBRARY - WINDHOEK LAW SOCIETY OF NAMIBIA LIBRARY - WINDHOEK Property law 11/21/2024 346.43 CON LSN/2001/36 11/21/2024 Books